Movies Quiz

Random Movies or Animation Quiz

Animation Invasion Quiz Stats

Quiz Updated Oct 24, 2013

Also try: Movies By Lego
Challenge
Share
Tweet
Score 0/24 Timer 07:00
3 Plays Today
Number Movie Title % Correct
4The Pink Panther
95.5%
20Juno
73.3%
17Mary Poppins
52%
1Enchanted
38.2%
22Jurassic Park
32.5%
2Catch Me If You Can
31.3%
6Who Framed Roger Rabbit?
26.4%
21Monty Python and the Holy Grail
25%
10Kill Bill: Vol. 1
23.8%
7Grease
17.9%
11National Lampoon's Christmas Vacation
16.3%
12Bedknobs and Broomsticks
13.2%
Number Movie Title % Correct
23Run Lola Run
11.3%
3Annie Hall
10.4%
14Monkeybone
9.1%
9City Slickers
6.7%
24Better Off Dead...
6.4%
16Anchors Aweigh
6.1%
8One Crazy Summer
4.4%
19Last Action Hero
3.9%
15Honey, I Blew Up the Kid
2.8%
5Natural Born Killers
2.5%
18Troop Beverly Hills
2.1%
13Kiss Kiss Bang Bang
0.7%

You're not logged in!

Compare scores with friends on all Sporcle quizzes.
Join for Free
OR
Log In

You Might Also Like...

Show Comments

Extras

Top Quizzes Today


Score Distribution

Your Account Isn't Verified!

In order to create a playlist on Sporcle, you need to verify the email address you used during registration. Go to your Sporcle Settings to finish the process.

Report this User

Report this user for behavior that violates our Community Guidelines.

Details: